A GUIDE TO ORACLE 8/ (Record no. 47687)

MARC details
000 -LEADER
fixed length control field 00402pam a2200169 a 4500
020 ## - INTERNATIONAL STANDARD BOOK NUMBER
Terms of availability
041 ## - LANGUAGE CODE
Language code of original
082 ## - DEWEY DECIMAL CLASSIFICATION NUMBER
Classification number 005.758 5
Item number MOR/MOR
100 ## - MAIN ENTRY--PERSONAL NAME
Personal name MORRISON J. AND MORRISON M.
245 ## - TITLE STATEMENT
Title A GUIDE TO ORACLE 8/
Medium Textual Documents
250 ## - EDITION STATEMENT
Edition statement 01-01-2000.
260 ## - PUBLICATION, DISTRIBUTION, ETC.
Name of publisher, distributor, etc. THOMSON LEARNING
300 ## - PHYSICAL DESCRIPTION
Extent XVI/800
500 ## - GENERAL NOTE
General note 4869
653 ## - INDEX TERM--UNCONTROLLED
Uncontrolled term DATABASE MANAGEMENT SYSTEMS (T.E.)
930 ## - EQUIVALENCE OR CROSS-REFERENCE-UNIFORM TITLE HEADING [LOCAL, CANADA]
Uniform title 4462
Holdings
Withdrawn status Lost status Damaged status Not for loan Collection Home library Current library Shelving location Date acquired Source of acquisition Cost, normal purchase price Total Checkouts Full call number Barcode Date last seen Copy number Price effective from Koha item type
        EWP College of Engineering for Women, Pune College of Engineering for Women, Pune F-ROW-12:CUP-48 31/12/2002 COLLEGE BOOK DEPOT, 664.00   005.758 5 MOR/MOR EWP-4524 24/02/2023 1 24/02/2023 Book